Statistiques concernant One Piece avant Marineford

Cliquez ici pour prendre le quiz!

Statistiques générales

  • Ce quiz a été pris 276 fois
  • Le résultat moyen est 16 sur 26

Statistiques - réponses

LettreIndicePersonage% Correct
OFaux DieuEner
87%
DPirate vaincu par X pour sauver le royaume de HCrocodile
84%
CDu même royaume que HVivi Nefertari
84%
XR est son mentorMonkey D Luffy
82%
EMembre de l'équipage au Chapeau de PailleUsopp
82%
ZPremier à rejoindre XRoronoa Zoro
80%
LPlus haut grader de la marineSengoku
79%
FVol l'ombre de U pour la mettre dans VMoria
77%
USe soigne en buvant du laitBrook
75%
HRoi du royaume d'AlabastaCobra Nefertari
75%
BAttend le retour de U et de son équipageLaboon
72%
TSubordonné de L qui n'en fait qu'à sa têteMonkey D Garp
69%
RRivale de MShanks
69%
VGrand sabreur de légendeRyuma
67%
AAnimal de compagnie de CKaroo
66%
SSecond d'une organisation criminel dirigée par DNico Robin
64%
MTrès connu pour sa disciplineDracule Mihawk
62%
PAutre personnalité de ESogeking
62%
WAime EKaya
52%
QA le même titre que XTrafalgar D Waterlaw
47%
JMeurt dès le premier chapitreGol D Roger
41%
KRivale de Y et idole de EBrogy
34%
IPirate ayant une prime de 0Barbe Noire
32%
YRivale de K et idole de EDory
31%
NApparait sur la même île que IBellamy
25%
GAide Luffy sur SabaodyOcty
25%

Distribution des résultats

Percentile par nombre de réponses

% des personnes avec chaque résultat

Votre développement - résultats

Vous n’avez pas pris ce quiz